01609nam a2200373 a 4500001001000000003000500010005001700015008004100032010001100073011001100084040000900095090001000104100003800114245020300152260004100355500006000396502007700456590004100533590004000574590004000614590004000654650002600694650002100720650003500741650003300776700003800809856007000847901000700917942001000924942000600934999001900940952014000959952013601099000111093CHAP20220329144158.0141202s2014 mx |sm |||||||spa d a107555 a108527 cCHAP aTesis1 aKu Caamal, Manuel Jesús912890110aEvaluación de la capacidad de enraizamiento de variedades de jitomate tipo arriñonado comparado con variedades comercialesh[En línea]cpor Manuel Jesús Ku Caamal y Leticia Tiburcio Bonilla. aChapingo, Méx. :bEl autor,c2014. aPara ver el contenido del material haga clic en la liga aTesis (Ing. Agr. Esp. en Fitotecnia) -- UACH. Departamento de Fitotecnia aE11695DGDb10c20141205lUCH01h0746 aE5652GLJb05c20141202lUCH01h1232 aE5652GLJb05c20141202lUCH01h1447 aE5652GLJb05c20141203lUCH01h133614aEnraizamiento.93701314aEsquejes.93813614aTomatexPropagación.911375814aTomatexRendimiento.91137611 aTiburcio Bonilla, Leticia9128902 aFinding aiduhttp://10.13.5.2/tesis/sist111093.pdfzTeclea aquí aBK cTESIS n0 c107555d107555 00102local4053708TESISaBCbBCcPA_TESISd2014-12-03fTESISl0oTesisp33724002438074r2019-12-31 00:00:00tc.2w2019-12-31yTESIS 00104054718TESISaBCbBCd2014-12-03fTESISl0oTesisp33724002438116r2019-12-31 00:00:00w2019-12-31yTESISzRecien adquirido